Name the South Carolina City - Statistics

General Stats
  • This quiz has been taken 29 times
  • The average score is 6 of 9
Answer Stats
Picture Answer % Correct
Charleston
100%
Columbia
94%
Greenville
89%
Myrtle Beach
83%
Spartanburg
72%
Rock Hill
39%
Beaufort
33%
Hilton Head Island
33%
North Augusta
22%
No matching quizzes found
Score Distribution
Percent of People with Each Score
Percentile by Number Answered
Your Score History
You have not taken this quiz